000 01088cam a22003251a 4500
001 gs 62000216
003 DLC
005 20260227111411.0
008 730129s1961 ohuab b s001 0 eng
010 _ags 62000216
035 _a(OCoLC)546654
040 _aDLC
_cODaWU
_dO
_dDLC
042 _apremarc
043 _an-us-oh
050 0 0 _aQE151
_b.A18 no. 59
086 0 _aONR 84.3:59
_2ohdocs
100 1 _aRoot, Samuel I.
245 1 0 _aGeology of Knox County /
_cby Samuel I. Root, Joaquin Rodriguez, Jane L. Forsyth.
260 _aColumbus, [Ohio] :
_bDivision of Geological Survey,
_c1961.
300 _avii, 232, [7] p. :
_bill., maps ;
_c28 cm.
490 1 _aBulletin ;
_v59
500 _aSome maps in pocket.
500 _aIncludes errata.
504 _aIncludes bibliographical references (p. 163-169) and index.
650 0 _aGeology
_zOhio
_zKnox County.
700 1 _aRodriguez, Joaquin.
700 1 _aForsyth, Jane L.
_q(Jane Louise),
_d1921-
710 1 _aOhio.
_bDivision of Geological Survey.
830 0 _aBulletin (Ohio. Division of Geological Survey) ;
_v59.
999 _c29634
_d29634